000 00588nam a22001817a 4500
005 20240521112008.0
010 _aENG-140383
020 _c60.00
035 _aEN-123915
037 _bDBAD
082 _a628.1
100 _aRajan, Amirtham Peter
_966551
245 _aDomastic Water Treatment Methods:
_bA Handbook On Drinking Water/
_cBy Amirtham Peter Rajan
260 _aChennai
_bThamarai Publications
_c2010
270 _bChennai
_a41-B, Sidco Industrial Estate Ambattur,
_e600098
300 _aviii,85p.
_c21cm(pbk)
_bill.(col.)
942 _cEN
_h628.1
_mRAJ
_2ddc
999 _c203058
_d203058